| 000 | 00571cam a2200193 4500 | ||
|---|---|---|---|
| 999 |
_c85634 _d85634 |
||
| 005 | 20190926102738.0 | ||
| 008 | 190924b mx ||||| |||| 00| 0 spa d | ||
| 020 | _a9875070491 | ||
| 050 | 0 | 4 |
_aJA83 _bV46 1998 |
| 100 | 1 |
_aVentura, Eduardo, _eautor |
|
| 245 | 1 | 0 |
_aSobre hechos e ideas políticas _c/ Eduardo Ventura. |
| 250 | _a2a ed. | ||
| 260 |
_aBuenos Aires, Argentina : _bCiudad Argentina, _c1998 |
||
| 300 |
_a526 p. ; _c20 cm. |
||
| 500 | _aIncluye bibliografia | ||
| 650 | 7 |
_2lemb _aIdeología política |
|
| 650 | 7 |
_2lemb _aTácticas políticas _xHistoria |
|
| 942 |
_2lcc _cLIB |
||